[Event "OBEM 2015"]
[Site "Germany , Bremen"]
[Date "2015.04.02"]
[Round "7.48"]
[White "Vaske, Philipp"]
[Black "Nagel, Philipp"]
[Result "1-0"]
[WhiteElo "947"]
[BlackElo "1000"]
[PlyCount "45"]

1. e4 e5 2. Nf3 Nc6 3. Nc3 Bc5 4. Bc4 d6 5. d3 Qf6 6. Nd5 Qd8 7. Bb5 Qd7 8. O-O
Nge7 9. c3 O-O 10. d4 Bxd4 11. cxd4 exd4 12. Nxd4 a6 13. Nxe7+ Qxe7 14. Bxc6
bxc6 15. Re1 c5 16. Nc6 Qd7 17. Na5 Qe6 18. Bd2 Rb8 19. Bc3 Re8 20. e5 Qg6 21.
Qf3 Rb5 22. exd6 cxd6 23. Rxe8# 1-0

[Event "OBEM 2015"]
[Site "Germany , Bremen"]
[Date "2015.04.02"]
[Round "7.43"]
[White "Bilek, Thomas"]
[Black "Rose, Helmut"]
[Result "0-1"]
[WhiteElo "1000"]
[BlackElo "1400"]
[PlyCount "26"]

1. d4 d5 2. Nc3 Nf6 3. Bf4 e6 4. Nf3 Nbd7 5. Nb5 Bb4+ 6. c3 Ba5 7. Ne5 a6 8.
Na3 Nxe5 9. dxe5 Ne4 10. Bd2 c5 11. f3 Qh4+ 12. g3 Nxg3 13. Be3 Ne4+ 0-1

[Event "OBEM 2015"]
[Site "Germany , Bremen"]
[Date "2015.04.02"]
[Round "7.41"]
[White "Scheunemann, Daniel"]
[Black "Scheidt, Mike Niklas"]
[Result "0-1"]
[WhiteElo "1361"]
[BlackElo "1363"]
[PlyCount "36"]

1. d4 d5 2. c4 e6 3. Nc3 Bb4 4. Nf3 c6 5. e3 Nf6 6. a3 Bd6 7. c5 Bc7 8. Bd3
Nbd7 9. O-O O-O 10. e4 e5 11. Qc2 exd4 12. Nxd4 Nxc5 13. exd5 Qd6 14. Nf3 Bg4
15. Ne4 Ncxe4 16. g3 Bxf3 17. Bf4 Qd7 18. dxc6 Qh3 0-1

[Event "OBEM 2015"]
[Site "Germany , Bremen"]
[Date "2015.04.02"]
[Round "7.31"]
[White "Stern, Philipp"]
[Black "Zhong, Xianghui"]
[Result "1-0"]
[WhiteElo "1620"]
[BlackElo "1817"]
[PlyCount "29"]

1. e4 c5 2. Nf3 d6 3. d4 cxd4 4. Nxd4 Nf6 5. Nc3 g6 6. Bc4 Bg7 7. Be3 Ng4 8.
Bb5+ Kf8 9. Qd2 Nxe3 10. fxe3 Nd7 11. Rf1 Ne5 12. O-O-O a6 13. Ba4 b5 14. Bb3
Bb7 15. Ne6+ 1-0

[Event "OBEM 2015"]
[Site "Germany , Bremen"]
[Date "2015.04.02"]
[Round "7.42"]
[White "Holtermann, Klaas"]
[Black "Brüggemann, Werner"]
[Result "1-0"]
[WhiteElo "1507"]
[BlackElo "1219"]
[PlyCount "25"]

1. e4 e5 2. Nf3 Nc6 3. Bc4 Be7 4. O-O d6 5. c3 Nh6 6. h3 f6 7. d4 g5 8. Nxg5
Kf8 9. Ne6+ Bxe6 10. Bxh6+ Ke8 11. Bxe6 Bf8 12. Qh5+ Ke7 13. Qf7# 1-0

[Event "OBEM 2015"]
[Site "Germany , Bremen"]
[Date "2015.04.02"]
[Round "7.47"]
[White "Bilek, Sadat"]
[Black "Mayland, Jannis"]
[Result "1-0"]
[WhiteElo "1000"]
[BlackElo "822"]
[PlyCount "59"]

1. d4 d5 2. Qd3 Nf6 3. Bg5 e6 4. Nc3 Bb4 5. e3 Nc6 6. f3 Qd7 7. Nge2 Bxc3+ 8.
Nxc3 Nb4 9. Qd2 Qe7 10. e4 dxe4 11. fxe4 e5 12. O-O-O Bg4 13. Re1 O-O-O 14. Be3
Rhe8 15. d5 c6 16. Bc4 Qd6 17. Bxa7 cxd5 18. exd5 Nbxd5 19. Nxd5 Nxd5 20. Qxd5
Qxd5 21. Bxd5 Rxd5 22. Be3 Ra5 23. Kb1 Be6 24. a3 Bd5 25. Re2 h5 26. Rd1 f5 27.
Red2 Bc6 28. Bb6 Ra6 29. Rd8+ Rxd8 30. Rxd8# 1-0

[Event "OBEM 2015"]
[Site "Germany , Bremen"]
[Date "2015.04.02"]
[Round "7.11"]
[White "Erofeev, Anastasia"]
[Black "Haerig, Wilfried"]
[Result "1/2-1/2"]
[WhiteElo "1864"]
[BlackElo "2045"]
[PlyCount "31"]

1. e4 c5 2. Nc3 g6 3. d4 cxd4 4. Qxd4 Nf6 5. Nf3 Nc6 6. Qa4 d6 7. e5 dxe5 8.
Nxe5 Qd4 9. Qxd4 Nxd4 10. Bd3 Ng4 11. Nxg4 Bxg4 12. Be3 Bg7 13. Nb5 Nxb5 14.
Bxb5+ Bd7 15. Bxd7+ Kxd7 16. O-O-O+ 1/2-1/2

[Event "OBEM 2015"]
[Site "Germany , Bremen"]
[Date "2015.04.02"]
[Round "7.5"]
[White "Issing, Peter"]
[Black "Mulde, Ralf"]
[Result "1-0"]
[WhiteElo "2208"]
[BlackElo "2012"]
[PlyCount "41"]

1. d4 d5 2. c4 dxc4 3. e3 e5 4. Nf3 exd4 5. exd4 Nf6 6. Bxc4 Bb4+ 7. Nc3 O-O 8.
O-O Bg4 9. Be3 Nc6 10. h3 Bxf3 11. Qxf3 Nxd4 12. Qxb7 Nc2 13. Rad1 Qe7 14. Bf4
Rab8 15. Qxa7 Bc5 16. Qxc7 Qxc7 17. Bxc7 Rxb2 18. Bb3 Nd4 19. Na4 Rxb3 20. axb3
Nxb3 21. Nxc5 1-0

[Event "OBEM 2015"]
[Site "Germany , Bremen"]
[Date "2015.04.02"]
[Round "7.38"]
[White "Buchloh, Adrian"]
[Black "Volk, Robin"]
[Result "1-0"]
[WhiteElo "1611"]
[BlackElo "1285"]
[PlyCount "73"]

1. f4 d5 2. Nf3 Bf5 3. e3 Nf6 4. Be2 e6 5. O-O Bd6 6. b3 Nbd7 7. Bb2 Qe7 8. h3
O-O-O 9. d3 h6 10. Nbd2 e5 11. fxe5 Nxe5 12. Nxe5 Bxe5 13. d4 Bxd4 14. Bxd4 Bd7
15. c4 Rdg8 16. Kh1 Kb8 17. cxd5 Nxd5 18. Nc4 f6 19. Bf3 Nb4 20. Re1 Bc6 21.
Bxc6 Nxc6 22. Bc3 Rd8 23. Qe2 Nb4 24. Rad1 Nd5 25. Bb2 Rhe8 26. Qf3 Nb4 27. Ba3
c5 28. Bxb4 cxb4 29. Qf4+ Ka8 30. Rd6 Rd7 31. Red1 Red8 32. Rxd7 Rxd7 33. Rxd7
Qxd7 34. Qd6 Qxd6 35. Nxd6 Kb8 36. Kg1 Kc7 37. Ne8+ 1-0

[Event "OBEM 2015"]
[Site "Germany , Bremen"]
[Date "2015.04.02"]
[Round "7.46"]
[White "Zijlstra, Berend"]
[Black "Schoenfeld, Fynn"]
[Result "1-0"]
[WhiteElo "1319"]
[BlackElo "883"]
[PlyCount "105"]

1. e4 e5 2. Nf3 d6 3. Nc3 Nf6 4. h3 Be7 5. d4 exd4 6. Nxd4 d5 7. exd5 Nxd5 8.
Nxd5 Qxd5 9. Nf3 Qxd1+ 10. Kxd1 Nc6 11. Bd2 Nb4 12. c3 Nc6 13. Bb5 Bd7 14. Re1
a6 15. Ba4 b5 16. Bc2 O-O 17. Ke2 Rae8 18. Kf1 a5 19. a4 b4 20. c4 Rb8 21. b3
Rbe8 22. Rad1 Bf6 23. Be3 Rd8 24. Bc5 Rfe8 25. Rxd7 Rxe1+ 26. Nxe1 Rxd7 27. Bf5
Rd1 28. Ke2 Rd8 29. f3 Nd4+ 30. Bxd4 Rxd4 31. Nd3 c6 32. Be4 Bg5 33. Bxc6 Rd6
34. Bd5 Be7 35. Ne5 Kf8 36. Nc6 Bd8 37. Nxd8 Rxd8 38. h4 h6 39. g4 f6 40. h5
Ke8 41. Kd2 Ke7 42. Kd3 Kd6 43. Kd2 Ke5 44. Ke3 f5 45. f4+ Kf6 46. Kf3 fxg4+
47. Kxg4 g6 48. hxg6 Kxg6 49. f5+ Kf6 50. Be6 Rh8 51. Kh5 Kg7 52. c5 Rc8 53.
Bxc8 1-0

[Event "OBEM 2015"]
[Site "Germany , Bremen"]
[Date "2015.04.02"]
[Round "7.45"]
[White "Kueck, Alexander"]
[Black "Schwenke, Stefan"]
[Result "0-1"]
[WhiteElo "1133"]
[BlackElo "1742"]
[PlyCount "78"]

1. d4 e6 2. e4 d5 3. e5 c5 4. Be3 cxd4 5. Bxd4 Nc6 6. Bb5 Bd7 7. Nf3 Nxe5 8.
Nxe5 Bxb5 9. c3 Nf6 10. Nd2 Bd6 11. Qc2 Qc7 12. f4 Bc5 13. Ndf3 Ne4 14. O-O-O
f6 15. Qb3 Ba6 16. Bxc5 Nxc5 17. Qa3 fxe5 18. Nxe5 O-O-O 19. b4 Nd7 20. Nf7
Qxf4+ 21. Rd2 Qxf7 22. Qa5 Bc4 23. Qxa7 Nb8 24. Qc5+ Qc7 25. Qe3 e5 26. Rhd1 e4
27. g3 Bd3 28. Kb2 Nd7 29. Qd4 Nb6 30. Kb3 Qc4+ 31. Qxc4+ Bxc4+ 32. Kb2 Rhf8
33. a3 Na4+ 34. Kc2 Rf3 35. Rd4 Rxc3+ 36. Kd2 Rf8 37. Ra1 Rf2+ 38. Ke1 Rcc2 39.
h4 Rf1# 0-1

[Event "OBEM 2015"]
[Site "Germany , Bremen"]
[Date "2015.04.02"]
[Round "7.44"]
[White "Buecker, Niklas"]
[Black "Torkler, Wolfgang"]
[Result "0-1"]
[WhiteElo "921"]
[BlackElo "1399"]
[PlyCount "62"]

1. d4 Nf6 2. Bf4 d6 3. Nc3 g6 4. e3 Bg7 5. Qd2 b6 6. e4 O-O 7. Bh6 Re8 8. g4
Bb7 9. h4 Nc6 10. Bb5 a6 11. Bxc6 Bxc6 12. h5 e5 13. hxg6 fxg6 14. Bxg7 Kxg7
15. Qh6+ Kg8 16. g5 Nh5 17. d5 Bd7 18. Nce2 Qe7 19. O-O-O b5 20. Re1 b4 21. b3
a5 22. a4 bxa3 23. Kb1 Reb8 24. Nh3 Bxh3 25. Rxh3 a4 26. Ka2 axb3+ 27. cxb3 Qd7
28. Reh1 Qb5 29. Nc1 Qc5 30. Rxh5 Qc2+ 31. Ka1 Qb2# 0-1

[Event "OBEM 2015"]
[Site "Germany , Bremen"]
[Date "2015.04.02"]
[Round "7.40"]
[White "Laubrock, Sophia"]
[Black "Seliskar, Henryk"]
[Result "0-1"]
[WhiteElo "1492"]
[BlackElo "1343"]
[PlyCount "44"]

1. d4 Nf6 2. c4 e6 3. Nc3 Nc6 4. Nf3 b6 5. Bg5 Be7 6. e4 d6 7. e5 dxe5 8. dxe5
Nd7 9. Bf4 O-O 10. Bd3 Bb7 11. O-O Nb4 12. Re1 Nxd3 13. Qxd3 Nc5 14. Qxd8 Raxd8
15. Bg5 Bxg5 16. Nxg5 Nd3 17. Re2 Rd4 18. b3 Nf4 19. Re3 Nxg2 20. Rg3 Nf4 21.
Nf3 Rd3 22. Nd1 Ne2+ 0-1

[Event "OBEM 2015"]
[Site "Germany , Bremen"]
[Date "2015.04.02"]
[Round "7.30"]
[White "Bensmann, Jannis"]
[Black "Laubrock, Paul"]
[Result "0-1"]
[WhiteElo "841"]
[BlackElo "1793"]
[PlyCount "60"]

1. d4 Nf6 2. Bf4 c5 3. c3 e6 4. Nf3 Nc6 5. e3 Be7 6. Bd3 cxd4 7. cxd4 Qb6 8.
Qd2 Nd5 9. Bg3 Bb4 10. Nc3 Qa5 11. Rc1 b5 12. O-O a6 13. Be4 Nxc3 14. bxc3 Ba3
15. Rc2 d5 16. Bd3 O-O 17. e4 Bd7 18. exd5 exd5 19. Be5 f6 20. Bf4 Rfe8 21. Rb1
Bg4 22. Nh4 b4 23. Rb3 bxc3 24. Qxc3 Qxc3 25. Rcxc3 Re1+ 26. Bf1 Nxd4 27. f3
Nxb3 28. Rxb3 Bc5+ 29. Be3 Rxe3 30. Bxa6 Re1# 0-1

[Event "OBEM 2015"]
[Site "Germany , Bremen"]
[Date "2015.04.02"]
[Round "7.32"]
[White "Jantzen, Ludwig"]
[Black "Buchloh, Falk"]
[Result "1/2-1/2"]
[WhiteElo "1965"]
[BlackElo "1497"]
[PlyCount "48"]

1. d4 f5 2. e4 d6 3. Nc3 Nf6 4. Bd3 fxe4 5. Nxe4 Nc6 6. Nxf6+ exf6 7. Qh5+ Ke7
8. c3 Qe8 9. Qe2+ Kd8 10. Be3 Bd7 11. Nf3 Ne7 12. O-O-O Nd5 13. Rhe1 Ba4 14.
Bc2 Bxc2 15. Qxc2 Be7 16. Re2 Qf7 17. Kb1 c6 18. Rde1 Kc7 19. Bd2 Rae8 20. Qb3
Bd8 21. c4 Rxe2 22. Rxe2 Ne7 23. Qd3 Kd7 24. b3 Bc7 1/2-1/2

[Event "OBEM 2015"]
[Site "Germany , Bremen"]
[Date "2015.04.02"]
[Round "7.39"]
[White "Krueger, Gerhard"]
[Black "Friesen, Walter"]
[Result "0-1"]
[WhiteElo "1398"]
[BlackElo "1764"]
[PlyCount "58"]

1. e4 c5 2. Nf3 d6 3. Bb5+ Bd7 4. Nc3 g6 5. O-O Bxb5 6. Nxb5 a6 7. Na3 Nc6 8.
d4 cxd4 9. Nxd4 Nf6 10. Re1 Nxd4 11. Qxd4 Bg7 12. Qd1 O-O 13. c3 Nd7 14. Be3 b5
15. Nc2 Qc7 16. Nb4 e6 17. Bd4 Nb6 18. Bxb6 Qxb6 19. Kf1 Rfc8 20. Re3 a5 21.
Nc2 Rc4 22. Na3 Rc6 23. Rd3 b4 24. Nb1 Rac8 25. b3 bxc3 26. Qc2 Qb4 27. f3 a4
28. Nxc3 Rxc3 29. Qd1 Qb5 0-1

[Event "OBEM 2015"]
[Site "Germany , Bremen"]
[Date "2015.04.02"]
[Round "7.37"]
[White "Weinitschke, Harald"]
[Black "Hoose, Hannelore"]
[Result "1-0"]
[WhiteElo "1341"]
[BlackElo "1709"]
[PlyCount "107"]

1. Nf3 Nf6 2. c4 c6 3. d4 d6 4. e3 g6 5. Bd3 Bg7 6. O-O O-O 7. b3 Nfd7 8. Bb2
c5 9. Nc3 cxd4 10. Nxd4 Nc6 11. Nce2 Nxd4 12. exd4 Rb8 13. Qc2 b6 14. Rac1 Bb7
15. d5 Bxb2 16. Qxb2 Ne5 17. Qd4 Nxd3 18. Qxd3 Qd7 19. Rc3 Rbc8 20. Qd4 Rc7 21.
Qh4 Qf5 22. Ng3 Qf6 23. Qxf6 exf6 24. Ne4 Kg7 25. Rf3 Rd8 26. Rxf6 Rcd7 27. Re1
b5 28. Rf3 bxc4 29. bxc4 Rc7 30. Rb3 Rdd7 31. Nd2 Ba6 32. Rc1 Rc5 33. f3 f5 34.
Kf2 Rdc7 35. Rbc3 Rc8 36. Ke3 Re8+ 37. Kd3 Re7 38. Nb3 Rc8 39. Nd4 Rb8 40. Nc6
Reb7 41. Nxb8 Rxb8 42. R1c2 Rb6 43. Rb3 Kf6 44. Rxb6 axb6 45. a4 Ke5 46. Re2+
Kf4 47. Re6 g5 48. Rxd6 g4 49. fxg4 Kxg4 50. Rxb6 Bxc4+ 51. Kxc4 Kf4 52. d6 Ke3
53. d7 Kf2 54. d8=Q 1-0

[Event "OBEM 2015"]
[Site "Germany , Bremen"]
[Date "2015.04.02"]
[Round "7.36"]
[White "Proske, Matthias"]
[Black "Rademacher, Uwe"]
[Result "1-0"]
[WhiteElo "1407"]
[BlackElo "1773"]
[PlyCount "71"]

1. Nf3 d5 2. g3 Nf6 3. Bg2 Nc6 4. d4 Bf5 5. O-O h6 6. b3 e6 7. c4 Be7 8. Bb2
O-O 9. Nc3 Bb4 10. Rc1 Re8 11. a3 Bf8 12. Re1 a6 13. Ne5 dxc4 14. Nxc6 bxc6 15.
Bxc6 cxb3 16. e4 Bh3 17. d5 Bc5 18. dxe6 Bxf2+ 19. Kh1 Bxe1 20. exf7+ Kxf7 21.
Qxb3+ Be6 22. Nd5 Rb8 23. Bxe8+ Qxe8 24. Rxc7+ Kf8 25. Qf3 Rxb2 26. Nxf6 gxf6
27. Qxf6+ Bf7 28. Qxh6+ Kg8 29. Qg5+ Bg6 30. Re7 Rxh2+ 31. Kxh2 Bxg3+ 32. Kxg3
Qb8+ 33. Re5 Qb3+ 34. Kf4 Qf7+ 35. Kg4 Qd7+ 36. Kh4 1-0

[Event "OBEM 2015"]
[Site "Germany , Bremen"]
[Date "2015.04.02"]
[Round "7.35"]
[White "Quass, Michael"]
[Black "Kollars, Michael"]
[Result "1/2-1/2"]
[WhiteElo "1779"]
[BlackElo "1632"]
[PlyCount "60"]

1. Nf3 b6 2. g3 Bb7 3. Bg2 e5 4. c4 g6 5. d3 Bg7 6. Nc3 d6 7. O-O Ne7 8. e4 Na6
9. Be3 O-O 10. Qd2 Nc5 11. Ng5 Ne6 12. Bh3 Nd4 13. f4 Bc8 14. Bxc8 Qxc8 15. Nd5
Nxd5 16. cxd5 f6 17. Nf3 Nxf3+ 18. Rxf3 c5 19. dxc6 Qxc6 20. Rc1 Qb7 21. Qb4 d5
22. Qb3 Rfd8 23. Rc5 Qf7 24. Rxd5 Rxd5 25. exd5 f5 26. fxe5 Bxe5 27. Bg5 Kg7
28. Bf4 Bd4+ 29. Be3 Qf6 30. Bxd4 Qxd4+ 1/2-1/2

[Event "OBEM 2015"]
[Site "Germany , Bremen"]
[Date "2015.04.02"]
[Round "7.34"]
[White "Fasmers, Ralf"]
[Black "Dehing-Busse, Karsten"]
[Result "0-1"]
[WhiteElo "1787"]
[BlackElo "1796"]
[PlyCount "58"]

1. e4 d6 2. Nf3 Nf6 3. Nc3 g6 4. Bc4 Bg7 5. d3 O-O 6. Bd2 c6 7. O-O Nbd7 8. Re1
e5 9. h3 b5 10. Bb3 Nc5 11. Be3 Nxb3 12. axb3 a5 13. Ne2 c5 14. Nd2 Bb7 15. f4
exf4 16. Bxf4 Nh5 17. c3 Nxf4 18. Nxf4 Qg5 19. Qf3 Bc6 20. Qe3 Qe7 21. Re2 b4
22. d4 cxd4 23. cxd4 Qf6 24. Nf3 Bh6 25. Nd5 Bxe3+ 26. Rxe3 Bxd5 27. exd5 Rfe8
28. Rae1 Rxe3 29. Rxe3 Rc8 0-1

[Event "OBEM 2015"]
[Site "Germany , Bremen"]
[Date "2015.04.02"]
[Round "7.33"]
[White "Burblies, Andreas"]
[Black "Ernst, Herwarth"]
[Result "0-1"]
[WhiteElo "1604"]
[BlackElo "1950"]
[PlyCount "54"]

1. d4 d5 2. c4 e6 3. Nc3 Nf6 4. Nf3 Be7 5. Bg5 Nbd7 6. e3 a6 7. a3 dxc4 8. Bxc4
b5 9. Be2 c5 10. O-O Bb7 11. dxc5 Bxc5 12. b4 Be7 13. Rc1 O-O 14. Bf4 Rc8 15.
Rc2 Nb6 16. Qc1 Nbd5 17. Rd1 Nxc3 18. Rxc3 Rxc3 19. Qxc3 Nd5 20. Qc2 Qa8 21.
Bg3 Rc8 22. Qb2 Nc3 23. Be5 Nxd1 24. Bxd1 f6 25. Bg3 Bd5 26. Be2 Qc6 27. h3
Qc1+ 0-1

[Event "OBEM 2015"]
[Site "Germany , Bremen"]
[Date "2015.04.02"]
[Round "7.28"]
[White "Klemm, Robert"]
[Black "Gerken, Juergen"]
[Result "1/2-1/2"]
[WhiteElo "1860"]
[BlackElo "1599"]
[PlyCount "69"]

1. d4 d5 2. Nf3 Nf6 3. c4 c6 4. Nc3 dxc4 5. a4 Bf5 6. e3 e6 7. Bxc4 Nbd7 8. O-O
h6 9. Re1 Bb4 10. Qb3 a5 11. Nd2 O-O 12. e4 Bh7 13. f3 Qb6 14. Ne2 Rae8 15. Kh1
e5 16. dxe5 Rxe5 17. Rd1 Rh5 18. Ng3 Rh4 19. Ndf1 Qc7 20. Be3 Bc5 21. Rd2 Bxe3
22. Qxe3 Nh5 23. Nxh5 Rxh5 24. Rad1 Nb6 25. Bb3 Re8 26. Rd6 Nd5 27. Bxd5 Rxd5
28. R1xd5 cxd5 29. Rxd5 Qc4 30. Qd3 Qxd3 31. Rxd3 f5 32. Nd2 fxe4 33. Re3 Rd8
34. Nf1 exf3 35. Rxf3 1/2-1/2

[Event "OBEM 2015"]
[Site "Germany , Bremen"]
[Date "2015.04.02"]
[Round "7.27"]
[White "Traetmar, Mattis"]
[Black "Bonacic, Jascha"]
[Result "0-1"]
[WhiteElo "1689"]
[BlackElo "1861"]
[PlyCount "86"]

1. e4 c5 2. Nf3 d6 3. d4 cxd4 4. Nxd4 Nf6 5. Nc3 g6 6. Be3 Bg7 7. f3 Nc6 8. Qd2
Bd7 9. O-O-O O-O 10. Bc4 Rc8 11. Bb3 Nxd4 12. Bxd4 b5 13. Kb1 a5 14. a3 b4 15.
axb4 axb4 16. Na2 Be6 17. h4 Ra8 18. Bxe6 fxe6 19. Nxb4 Qa5 20. c3 Rfc8 21. Qe3
Qa1+ 22. Kc2 Qa4+ 23. Kd2 Qb3 24. Rb1 Rab8 25. Rhc1 e5 26. Ba7 Rb7 27. g4 Ra8
28. Bb6 Nd7 29. Ba5 Rxa5 30. Nc6 Ra2 31. Nxe7+ Kf7 32. Nd5 Nb6 33. Nxb6 Rxb6
34. Rc2 Rb5 35. f4 Bh6 36. g5 Bg7 37. h5 exf4 38. Qxf4+ Ke7 39. h6 Be5 40. Qf3
Rb8 41. Qd3 Rf8 42. Ke2 Ra4 43. c4 Rf2+ 0-1

[Event "OBEM 2015"]
[Site "Germany , Bremen"]
[Date "2015.04.02"]
[Round "7.26"]
[White "Lange, Martin"]
[Black "Zimmermann, Erik"]
[Result "1-0"]
[WhiteElo "1869"]
[BlackElo "1655"]
[PlyCount "47"]

1. g3 b6 2. Bg2 d5 3. c4 e6 4. Nf3 Bd6 5. O-O Ne7 6. Nc3 c6 7. d4 O-O 8. e4
dxe4 9. Nxe4 Ng6 10. h4 f5 11. Nxd6 Qxd6 12. h5 Nh8 13. Bf4 Qe7 14. Re1 Nd7 15.
d5 cxd5 16. cxd5 Rf6 17. dxe6 Nf8 18. Ng5 Bb7 19. Bd6 Rd8 20. Bxe7 Rxd1 21.
Bxb7 Rxa1 22. Rxa1 h6 23. Bxf6 gxf6 24. e7 1-0

[Event "OBEM 2015"]
[Site "Germany , Bremen"]
[Date "2015.04.02"]
[Round "7.25"]
[White "Dietrich, Igor"]
[Black "Ficken, Hartmut"]
[Result "1-0"]
[WhiteElo "1880"]
[BlackElo "1698"]
[PlyCount "81"]

1. e4 c5 2. d4 cxd4 3. c3 dxc3 4. Nxc3 Nc6 5. Nf3 g6 6. Bc4 e6 7. O-O Bg7 8.
Qd6 Qe7 9. Bf4 Qxd6 10. Bxd6 a6 11. Rfe1 Bf8 12. Bc7 b5 13. Bb3 Ra7 14. Bg3 Nf6
15. Rac1 Nh5 16. Bh4 Be7 17. Bxe7 Nxe7 18. Ne5 Nf6 19. f3 O-O 20. Red1 Rd8 21.
Rd2 Ne8 22. Rcd1 Kg7 23. a3 f5 24. exf5 gxf5 25. Ba2 d5 26. Ne2 Rc7 27. Nd4 Kf6
28. f4 Nd6 29. Rd3 Nc4 30. Bxc4 bxc4 31. Rh3 Ng6 32. Rf1 Nxf4 33. Ng4+ Kg5 34.
Nf3+ Kg6 35. Nfe5+ Kg7 36. Rxf4 fxg4 37. Rh4 h6 38. Rhxg4+ Kh7 39. Rf6 Rg7 40.
Rh4 d4 41. Rfxh6+ 1-0

[Event "OBEM 2015"]
[Site "Germany , Bremen"]
[Date "2015.04.02"]
[Round "7.24"]
[White "Heldt, Nils-Lennart"]
[Black "Schwenteck, Peter"]
[Result "1-0"]
[WhiteElo "1708"]
[BlackElo "1888"]
[PlyCount "43"]

1. d4 e6 2. c4 d5 3. Nc3 c6 4. Nf3 f5 5. g3 Bd6 6. Bg2 Nf6 7. Bg5 O-O 8. e3
Nbd7 9. cxd5 cxd5 10. O-O b6 11. Qb3 Ba6 12. Rfc1 Bc4 13. Qd1 Qe8 14. Bxf6 Nxf6
15. Nd2 Ba6 16. a3 Rc8 17. b4 Rc7 18. Qb3 Ne4 19. Ndxe4 fxe4 20. Nxd5 Rxc1+ 21.
Rxc1 Bxg3 22. hxg3 1-0

[Event "OBEM 2015"]
[Site "Germany , Bremen"]
[Date "2015.04.02"]
[Round "7.23"]
[White "Sausmikat, Armin"]
[Black "Balazs, Kata"]
[Result "1-0"]
[WhiteElo "1893"]
[BlackElo "1747"]
[PlyCount "37"]

1. e4 d5 2. exd5 Qxd5 3. Nc3 Qa5 4. d4 Nf6 5. Bc4 Nc6 6. Nf3 Bg4 7. Be3 O-O-O
8. O-O e5 9. d5 e4 10. a3 exf3 11. gxf3 Bh3 12. Re1 a6 13. b4 Nxb4 14. axb4
Qxb4 15. Qd3 Qd6 16. Bxa6 bxa6 17. Rxa6 Nxd5 18. Rxd6 Rxd6 19. Ne4 1-0

[Event "OBEM 2015"]
[Site "Germany , Bremen"]
[Date "2015.04.02"]
[Round "7.22"]
[White "Kuenitz, Bernhard"]
[Black "Bruening, Martin"]
[Result "1/2-1/2"]
[WhiteElo "1900"]
[BlackElo "1778"]
[PlyCount "86"]

1. c4 e6 2. d4 d5 3. cxd5 exd5 4. Nc3 Nf6 5. Bf4 c6 6. e3 Bd6 7. Bxd6 Qxd6 8.
Bd3 O-O 9. h3 Re8 10. Nge2 Nbd7 11. O-O Ne4 12. Bxe4 dxe4 13. Ng3 Nf6 14. Qc2
Qe6 15. Rac1 b6 16. Nce2 Bb7 17. Nf4 Qd7 18. a3 a5 19. Rfe1 Rac8 20. Qe2 Nd5
21. Nxd5 cxd5 22. Qd2 Ba6 23. Ne2 Bxe2 24. Qxe2 Rxc1 25. Rxc1 Rc8 26. Rxc8+
Qxc8 27. Qb5 Qe6 28. b4 axb4 29. axb4 g6 30. Qa4 Qc8 31. b5 Qc1+ 32. Kh2 Qc7+
33. g3 Qd6 34. Qa8+ Kg7 35. Qc6 Qf6 36. Qxf6+ Kxf6 37. g4 g5 38. Kg3 Ke6 39. f3
f5 40. f4 h6 41. h4 gxf4+ 42. Kxf4 fxg4 43. Kxg4 Kf6 1/2-1/2

[Event "OBEM 2015"]
[Site "Germany , Bremen"]
[Date "2015.04.02"]
[Round "7.21"]
[White "Ungar, Benedict"]
[Black "Meyer, Thorsten"]
[Result "0-1"]
[WhiteElo "1749"]
[BlackElo "2004"]
[PlyCount "88"]

1. Nf3 d5 2. g3 g6 3. Bg2 Bg7 4. c3 e5 5. d3 Ne7 6. Nbd2 O-O 7. O-O Nbc6 8. e4
dxe4 9. dxe4 h6 10. Nc4 Be6 11. Ne3 Qxd1 12. Rxd1 Rad8 13. Bd2 Rd7 14. b3 Rfd8
15. Be1 Nc8 16. Rxd7 Rxd7 17. Rd1 Nd6 18. Nd2 Ne7 19. Ndc4 Nxc4 20. Rxd7 Bxd7
21. Nxc4 Nc8 22. a4 f6 23. f3 Kf7 24. Kf2 Bf8 25. Bd2 h5 26. f4 Nd6 27. Nb2 Bc6
28. fxe5 Nxe4+ 29. Bxe4 Bxe4 30. exf6 Kxf6 31. Ke3 Bc2 32. b4 Kf5 33. h3 Bb3
34. a5 Bd5 35. Nd3 Bh6+ 36. Ke2 Bxd2 37. Kxd2 Ke4 38. Nf2+ Kf3 39. Nd1 Kxg3 40.
Ne3 Be6 41. h4 Kxh4 42. Ng2+ Kg3 43. Ne3 h4 44. Nf1+ Kf2 0-1

[Event "OBEM 2015"]
[Site "Germany , Bremen"]
[Date "2015.04.02"]
[Round "7.20"]
[White "Petrov, Iouri"]
[Black "Boehm, Karl"]
[Result "0-1"]
[WhiteElo "1585"]
[BlackElo "1859"]
[PlyCount "48"]

1. d4 d5 2. Nf3 e6 3. c4 Nf6 4. Nc3 a6 5. e3 dxc4 6. Bxc4 b5 7. Bd3 Bb7 8. O-O
Nbd7 9. Qc2 Rc8 10. Bd2 c5 11. a4 cxd4 12. Nxd4 b4 13. Qb3 bxc3 14. Qxb7 cxd2
15. Nc6 Qc7 16. Bxa6 Qxb7 17. Bxb7 Rc7 18. a5 Rxb7 19. a6 Rc7 20. a7 Nb6 21.
Ra6 Na8 22. Rd1 Be7 23. Rxd2 O-O 24. Nxe7+ Rxe7 0-1

[Event "OBEM 2015"]
[Site "Germany , Bremen"]
[Date "2015.04.02"]
[Round "7.19"]
[White "Sommer, Andreas"]
[Black "Gebur, Thomas"]
[Result "1-0"]
[WhiteElo "1723"]
[BlackElo "1870"]
[PlyCount "57"]

1. d4 f5 2. c4 Nf6 3. g3 g6 4. Bg2 Bg7 5. Nf3 O-O 6. O-O d6 7. Nc3 c6 8. Re1
Na6 9. Bf4 Bd7 10. Qd2 Rb8 11. c5 Rc8 12. cxd6 exd6 13. Bxd6 Re8 14. Be5 Be6
15. Ng5 h6 16. Nxe6 Rxe6 17. f4 Ng4 18. Rad1 Qb6 19. e3 Rd8 20. Qe2 Kh8 21. Bf3
h5 22. h3 Nf6 23. g4 hxg4 24. hxg4 Kg8 25. gxf5 gxf5 26. Qg2 Rd7 27. d5 Nxd5
28. Nxd5 Rxd5 29. Qxg7# 1-0

[Event "OBEM 2015"]
[Site "Germany , Bremen"]
[Date "2015.04.02"]
[Round "7.18"]
[White "Bilau, Max"]
[Black "Ditmas, Hugh"]
[Result "0-1"]
[WhiteElo "1536"]
[BlackElo "1893"]
[PlyCount "58"]

1. d4 Nf6 2. c4 e6 3. Nc3 Bb4 4. Bg5 h6 5. Bh4 c5 6. a3 Bxc3+ 7. bxc3 Qa5 8.
Qd3 Ne4 9. f3 Qxc3+ 10. Qxc3 Nxc3 11. dxc5 Na4 12. Bf2 Na6 13. e4 N6xc5 14. Nh3
b6 15. Nf4 Ba6 16. Be2 Rc8 17. Nh5 g6 18. Nf6+ Ke7 19. Bd4 Nb3 20. Nd5+ exd5
21. Bxh8 Rxh8 22. Rb1 Bxc4 23. Bxc4 dxc4 24. Kf2 Rc8 25. Rhe1 b5 26. f4 d6 27.
h4 h5 28. f5 Nac5 29. fxg6 Nd3+ 0-1

[Event "OBEM 2015"]
[Site "Germany , Bremen"]
[Date "2015.04.02"]
[Round "7.17"]
[White "Wessels, Stefan"]
[Black "Hoffer, Hayo"]
[Result "1-0"]
[WhiteElo "1938"]
[BlackElo "1857"]
[PlyCount "59"]

1. e4 e6 2. d4 d5 3. exd5 exd5 4. Bf4 Bd6 5. Bxd6 Qxd6 6. c3 Bf5 7. Nf3 Nd7 8.
Be2 Ngf6 9. Nbd2 h6 10. O-O O-O 11. Re1 Rfe8 12. Nb3 c6 13. Nc1 Re7 14. Nd3
Rae8 15. Nfe5 Bxd3 16. Nxd3 Ne4 17. Bf3 Ng5 18. Be2 Nf6 19. Ne5 Nd7 20. f4 Ne4
21. Bd3 f5 22. Qb3 Nf8 23. Bxe4 fxe4 24. Rxe4 Kh8 25. Nf7+ Rxf7 26. Rxe8 Qxf4
27. Qc2 g5 28. Qe2 Kh7 29. Rf1 Qc7 30. Rxf8 1-0

[Event "OBEM 2015"]
[Site "Germany , Bremen"]
[Date "2015.04.02"]
[Round "7.16"]
[White "Goes, Carsten"]
[Black "Beinke, Lukas"]
[Result "0-1"]
[WhiteElo "1761"]
[BlackElo "1958"]
[PlyCount "34"]

1. e4 e6 2. d4 d5 3. e5 c5 4. c3 Qb6 5. Nf3 Bd7 6. Be2 Bb5 7. c4 Bxc4 8. Bxc4
dxc4 9. O-O cxd4 10. Qxd4 Qxd4 11. Nxd4 Ne7 12. Nb5 Nd5 13. Rd1 Nc6 14. Rxd5
exd5 15. Nc7+ Kd7 16. Nxa8 Bb4 17. Nb6+ axb6 0-1

[Event "OBEM 2015"]
[Site "Germany , Bremen"]
[Date "2015.04.02"]
[Round "7.15"]
[White "Lai Hop, Long"]
[Black "Meyer, Irmin"]
[Result "1-0"]
[WhiteElo "1796"]
[BlackElo "1997"]
[PlyCount "93"]

1. e4 c6 2. d4 d5 3. exd5 cxd5 4. Bd3 Nc6 5. c3 Qc7 6. h3 Nf6 7. Nf3 g6 8. Bg5
Bg7 9. Nbd2 Bf5 10. Qc2 Bxd3 11. Qxd3 O-O 12. O-O a6 13. Rfe1 Rfe8 14. Ne5 Rac8
15. Bf4 Qd8 16. Nb3 Ne4 17. Nd2 Nxe5 18. dxe5 Nxd2 19. Qxd2 e6 20. Rad1 Qa5 21.
a3 Rc4 22. Bh6 Qc7 23. Bxg7 Kxg7 24. Qg5 Qe7 25. Qxe7 Rxe7 26. Re2 Rec7 27. f3
a5 28. Red2 g5 29. Rd4 b5 30. Kf2 h5 31. Ke3 Kg6 32. g4 h4 33. R1d2 f6 34. f4
fxe5 35. fxe5 Rf7 36. Rf2 Rxf2 37. Kxf2 Kf7 38. Rxc4 bxc4 39. Ke3 Ke7 40. Kd4
Kd7 41. Kc5 Kc7 42. Kb5 a4 43. Kc5 Kd7 44. Kb6 Kd8 45. Kc6 Ke7 46. Kc7 Ke8 47.
Kd6 1-0